[Event "Challenge #1"]
[Site "http://www.queenalice.com/game.php?id=331325"]
[Date "2008.1.5"]
[Round "-"]
[White "Gil"]
[Black "hostis00"]
[Result "1-0"]
[WhiteElo "2221"]
[BlackElo "1862"]

1. d4 Nf6 2. c4 g6 3. Nc3 d5 4. e3 Bg7 5. Nf3 O-O 6. Be2 c5 7. O-O cxd4 8. Nxd4
Nc6 9. cxd5 Nxd5 10. Qb3 Nxd4 11. exd4 Nb6 12. Be3 Be6 13. Qb5 Rc8 14. Rac1 a6
15. Qb4 Nd5 16. Qxb7 Nxe3 17. fxe3 Rb8 18. Qxa6 Rxb2 19. a4 Bh6 20. Nd1 Rb3 21.
Bb5 Bxe3+ 22. Nxe3 Rxe3 23. Qa7 Re4 24. Rc7 Rxd4 25. Rxe7 Rd1 26. Qc5 Rxf1+ 27.
Bxf1 Qd1 28. a5 Rc8 29. Qe5 Qd8 30. Rb7 Bd5 31. Rb6 Bc6 32. h3 Rc7 33. a6 Rc8
34. Rb4 Qd7 35. Qd4 Qxd4+ 36. Rxd4 1-0

[Event "AUTO-MASTER-444"]
[Site "http://www.queenalice.com/game.php?id=331361"]
[Date "2008.1.5"]
[Round "1"]
[White "Markus1234567"]
[Black "hostis00"]
[Result "0-1"]
[WhiteElo "2036"]
[BlackElo "1945"]

1. e4 c5 2. Bc4 Nc6 3. Qh5 e6 4. f4 Nf6 5. Qe2 Nd4 6. Qd3 d5 7. exd5 exd5 8. Bb3
a6 9. c3 Qe7+ 10. Qe3 Nxb3 11. axb3 Qxe3+ 12. dxe3 Bf5 13. Nf3 Bd6 14. Nbd2 Bd3
15. c4 O-O 16. Ne5 Bxe5 17. fxe5 Ng4 18. cxd5 Nxe3 19. Ra5 b6 20. Ra4 Nc2+ 21.
Kf2 Rae8 22. Nf3 Nb4 23. d6 Bb5 24. Ra1 Nd3+ 25. Kg3 Nxe5 26. Nxe5 Rxe5 27. Bf4
Re2 28. Ra2 Rfe8 29. Rd1 f6 30. Kf3 Bc6+ 31. Kg3 Rxg2+ 32. Kh3 Rge2 33. Rxa6
Bd7+ 34. Kg3 g5 35. Bc1 h5 36. Rxb6 h4+ 37. Kf3 g4+ 38. Kf4 R8e4# 0-1

[Event "AUTO-MASTER-444"]
[Site "http://www.queenalice.com/game.php?id=331362"]
[Date "2008.1.5"]
[Round "1"]
[White "hostis00"]
[Black "Markus1234567"]
[Result "0-1"]
[WhiteElo "1888"]
[BlackElo "2024"]

1. e4 e5 2. Nf3 Nc6 3. Bb5 Nge7 4. O-O Nd4 5. Nxd4 exd4 6. f4 a6 7. Ba4 b5 8.
Bb3 c5 9. d3 d5 10. exd5 Nxd5 11. Qh5 Bb7 12. Qe5+ Qe7 13. Bxd5 Qxe5 14. Bxf7+
Kxf7 15. fxe5+ Ke6 16. Bf4 Be7 17. Nd2 Rhf8 18. Bg3 h5 19. Rxf8 Rxf8 20. h3 h4
21. Bh2 Bg5 22. Rf1 Be3+ 23. Kh1 Rc8 24. Nf3 g5 25. Bg1 Bf4 26. Nxh4 Kxe5 27.
Ng6+ Ke6 28. Nxf4+ gxf4 29. Rxf4 Rg8 30. Rf2 a5 31. Re2+ Kf5 32. Kh2 Bd5 33. g4+
Kg5 34. Re5+ Kf6 35. Rxd5 Rc8 36. Rxc5 Rxc5 37. Bxd4+ Re5 38. Kg3 Ke6 39. Bxe5
Kxe5 40. h4 Kf6 41. Kf4 Kg6 42. Ke5 Kf7 43. h5 a4 44. g5 b4 45. d4 Ke7 46. g6
Kf8 47. Kf6 b3 0-1

[Event "AUTO-MASTER-444"]
[Site "http://www.queenalice.com/game.php?id=331377"]
[Date "2008.1.5"]
[Round "1"]
[White "TheBigSid"]
[Black "hostis00"]
[Result "1-0"]
[WhiteElo "2010"]
[BlackElo "1957"]

1. d4 Nf6 2. c4 g6 3. Nc3 d5 4. e3 Bg7 5. Nf3 O-O 6. Be2 Ne4 7. Nxd5 c5 8. O-O
Nc6 9. Nc3 Nxc3 10. bxc3 Qc7 11. Qc2 b6 12. Rd1 e5 13. Bb2 Bf5 14. e4 Bg4 15. d5
Na5 16. Qd3 f5 17. Nd2 Bxe2 18. Qxe2 f4 19. f3 Nb7 20. a4 Rad8 21. Nb3 a5 22.
Nd2 Nd6 23. Rdb1 g5 24. Ba3 Kh8 25. Rb2 Rb8 26. Rab1 Bf6 27. h3 Bd8 28. Qf2 Rb7
29. Kf1 Qd7 30. Bxc5 bxc5 31. Qxc5 Rxb2 32. Rxb2 Be7 33. Qxa5 Rc8 34. c5 Bd8 35.
Qb4 Ne8 36. c6 Qd6 37. Nc4 1-0

[Event "AUTO-MASTER-444"]
[Site "http://www.queenalice.com/game.php?id=331378"]
[Date "2008.1.5"]
[Round "1"]
[White "hostis00"]
[Black "TheBigSid"]
[Result "0-1"]
[WhiteElo "1934"]
[BlackElo "2049"]

1. e4 e6 2. d4 d5 3. Nc3 Bb4 4. e5 c5 5. a3 Bxc3+ 6. bxc3 Nc6 7. a4 Nge7 8. Nf3
Bd7 9. Bd3 cxd4 10. cxd4 Nb4 11. Be2 Rc8 12. c3 Rxc3 13. Bd2 Nc2+ 14. Kf1 Ra3
15. Rxa3 Nxa3 16. Qb3 Nc4 17. Bxc4 dxc4 18. Qxc4 O-O 19. Ng5 h6 20. Ne4 Nd5 21.
Nd6 Qb6 22. g3 Qb2 23. Bf4 Qb1+ 24. Kg2 Nxf4+ 25. gxf4 Bc6+ 26. f3 Bxf3+ 0-1

[Event "AUTO-MASTER-444"]
[Site "http://www.queenalice.com/game.php?id=331389"]
[Date "2008.1.5"]
[Round "1"]
[White "hostis00"]
[Black "technicaldraw"]
[Result "1-0"]
[WhiteElo "1923"]
[BlackElo "1961"]

1. e4 e6 2. d4 d5 3. Nc3 Bb4 4. e5 c5 5. a3 Bxc3+ 6. bxc3 Ne7 7. Nf3 Bd7 8. a4
Qa5 9. Bd2 Nbc6 10. c4 Qc7 11. cxd5 exd5 12. c3 c4 13. h4 h6 14. Be2 Bf5 15. Nh2
O-O 16. g4 Bh7 17. g5 Nf5 18. gxh6 Nxh4 19. hxg7 Rfe8 20. Ng4 Qe7 21. Nf6+ Kxg7
22. Rxh4 1-0

[Event "AUTO-MASTER-444"]
[Site "http://www.queenalice.com/game.php?id=331390"]
[Date "2008.1.5"]
[Round "1"]
[White "technicaldraw"]
[Black "hostis00"]
[Result "0-1"]
[WhiteElo "1943"]
[BlackElo "1941"]

1. e4 c5 2. Nf3 d6 3. d4 cxd4 4. Nxd4 Nf6 5. Nc3 a6 6. Be3 b5 7. Nd5 Nxe4 8. Qf3
Nc5 9. Nf6+ gxf6 10. Qxa8 Bb7 11. Qa7 Qc7 12. Bxb5+ axb5 13. Nxb5 Qc8 14. Bxc5
dxc5 15. O-O-O Bh6+ 16. Kb1 O-O 17. Rhe1 Re8 18. Nd6 exd6 19. Rxe8+ Qxe8 20.
Qxb7 Bf8 21. a4 Nc6 22. Qc7 Nb4 23. a5 Qa4 24. c3 Qxd1# 0-1

[Event "AUTO-MASTER-468"]
[Site "http://www.queenalice.com/game.php?id=353973"]
[Date "2008.2.13"]
[Round "1"]
[White "hostis00"]
[Black "Vader1d4"]
[Result "0-1"]
[WhiteElo "1922"]
[BlackElo "2039"]

1. e4 d5 2. exd5 Qxd5 3. Nc3 Qa5 4. d4 c6 5. Bd2 Qb6 6. Nf3 Nf6 7. Bc4 Bg4 8.
Bxf7+ Kxf7 9. Ne5+ Ke8 10. Nxg4 Qxd4 11. Nxf6+ exf6 12. O-O Be7 13. Re1 Kf7 14.
Qe2 Re8 15. Qe6+ Kf8 16. Rad1 Qh4 17. Re4 Qh5 18. Rde1 Qf7 19. Qh3 Kg8 20. Bf4
Na6 21. Qe3 Kf8 22. Rxe7 Rxe7 23. Bd6 Re8 24. Qxa7 Kg8 25. Rxe7 Rxe7 26. Bxe7
Qxe7 27. Qe3 Qxe3 0-1

[Event "AUTO-MASTER-468"]
[Site "http://www.queenalice.com/game.php?id=353974"]
[Date "2008.2.13"]
[Round "1"]
[White "Vader1d4"]
[Black "hostis00"]
[Result "1-0"]
[WhiteElo "2027"]
[BlackElo "1934"]

1. d4 Nf6 2. Nf3 d5 3. e3 g6 4. Bd3 Bg7 5. O-O O-O 6. Nbd2 Nbd7 7. c3 c5 8. Re1
cxd4 9. exd4 e6 10. Nf1 b6 11. Bf4 Bb7 12. Ng3 Re8 13. Ne5 Nxe5 14. Bxe5 Bc6 15.
Qe2 Nd7 16. Bxg7 Kxg7 17. Qf3 Qf6 18. Qxf6+ Nxf6 19. Nf1 a5 20. Nd2 a4 21. Nf3
Nd7 22. Re2 a3 23. b3 h6 24. Ne1 e5 25. dxe5 Nxe5 26. Kf1 Nxd3 27. Rxe8 Rxe8 28.
Nxd3 Bb5 29. Rd1 Re4 30. g3 d4 31. c4 Bd7 32. f3 1-0

[Event "AUTO-MASTER-468"]
[Site "http://www.queenalice.com/game.php?id=353975"]
[Date "2008.2.13"]
[Round "1"]
[White "hostis00"]
[Black "DaLuz"]
[Result "0-1"]
[WhiteElo "1847"]
[BlackElo "1758"]

1. e4 c5 2. Nf3 d6 3. d4 cxd4 4. Nxd4 Nf6 5. Nc3 g6 6. Be3 Bg7 7. f3 O-O 8. Qd2
Nc6 9. Bc4 Bd7 10. O-O-O Rc8 11. Bb3 Ne5 12. h4 Nc4 0-1

[Event "AUTO-MASTER-468"]
[Site "http://www.queenalice.com/game.php?id=353976"]
[Date "2008.2.13"]
[Round "1"]
[White "DaLuz"]
[Black "hostis00"]
[Result "1-0"]
[WhiteElo "1778"]
[BlackElo "1827"]

1. e4 e6 2. d4 d5 3. Nc3 Nf6 4. Bg5 Be7 5. Bxf6 gxf6 6. exd5 exd5 7. Qf3 Be6 8.
Bb5+ c6 9. Bd3 Qb6 10. Nge2 Nd7 11. O-O-O O-O-O 12. Rhe1 1-0

[Event "AUTO-MASTER-468"]
[Site "http://www.queenalice.com/game.php?id=353977"]
[Date "2008.2.13"]
[Round "1"]
[White "hostis00"]
[Black "joules"]
[Result "0-1"]
[WhiteElo "1869"]
[BlackElo "2082"]

1. e4 c5 2. Nf3 g6 3. d4 Bg7 4. d5 Nf6 5. Nc3 d6 6. h3 Na6 7. Bxa6 bxa6 8. O-O
Nd7 9. Bf4 O-O 10. Re1 Bb7 0-1

[Event "AUTO-MASTER-468"]
[Site "http://www.queenalice.com/game.php?id=353978"]
[Date "2008.2.13"]
[Round "1"]
[White "joules"]
[Black "hostis00"]
[Result "1-0"]
[WhiteElo "2074"]
[BlackElo "1877"]

1. Nf3 Nf6 2. g3 g6 3. Bg2 Bg7 4. d3 d5 5. O-O O-O 6. Nbd2 Bf5 7. h3 h5 8. Qe1
Qc8 9. Kh2 Na6 10. Nd4 Bd7 11. c3 1-0

[Event "siamo tutti buono jiocatore"]
[Site "http://www.queenalice.com/game.php?id=366194"]
[Date "2008.3.5"]
[Round "-"]
[White "blanenatelo05"]
[Black "hostis00"]
[Result "1-0"]
[WhiteElo "2217"]
[BlackElo "1849"]

1. e4 c5 2. Nf3 Nc6 3. d4 cxd4 4. Nxd4 Qb6 5. Nb3 Nf6 6. Nc3 e6 7. Be3 Qc7 8.
Be2 Be7 9. O-O O-O 10. Nb5 Qb8 11. f3 1-0

[Event "AUTO-MASTER-420"]
[Site "http://www.queenalice.com/game.php?id=368824"]
[Date "2008.3.10"]
[Round "2"]
[White "Chuzete"]
[Black "hostis00"]
[Result "1-0"]
[WhiteElo "2341"]
[BlackElo "1965"]

1. d4 Nf6 2. c4 g6 3. Nc3 Bg7 4. e4 d6 5. Nf3 O-O 6. Be2 e5 7. O-O Nc6 8. d5 Ne7
9. b4 Nd7 10. Bd2 f5 11. Ng5 Nf6 12. f3 f4 13. Ne6 Bxe6 14. dxe6 c6 15. a4 1-0

[Event "AUTO-MASTER-420"]
[Site "http://www.queenalice.com/game.php?id=368825"]
[Date "2008.3.10"]
[Round "2"]
[White "hostis00"]
[Black "Chuzete"]
[Result "0-1"]
[WhiteElo "1851"]
[BlackElo "2372"]

1. e4 c5 2. Nf3 d6 3. d4 cxd4 4. Nxd4 Nf6 5. Nc3 a6 6. Be3 e5 7. Nb3 Be6 8. Be2
Be7 9. O-O O-O 10. f4 exf4 11. Bxf4 Nc6 12. Nd5 Nxe4 13. Nxe7+ Nxe7 14. Bf3 d5
15. Qe2 Re8 16. Bxe4 dxe4 17. Qxe4 Ng6 18. Rad1 Qc8 0-1

[Event "AUTO-MASTER-482"]
[Site "http://www.queenalice.com/game.php?id=368881"]
[Date "2008.3.10"]
[Round "1"]
[White "Markus1234567"]
[Black "hostis00"]
[Result "1-0"]
[WhiteElo "2001"]
[BlackElo "1911"]

1. e4 c5 2. a3 Nc6 3. Bc4 Nf6 4. d3 d5 5. exd5 Nxd5 6. Qf3 e6 7. Nh3 Nd4 8. Qd1
b5 9. Ba2 Be7 10. c3 Nc6 11. O-O e5 12. Qf3 e4 13. dxe4 Ne5 14. Qh5 Bxh3 15.
gxh3 Nf6 16. Qxe5 O-O 17. Qg3 Nxe4 18. Qg4 1-0

[Event "AUTO-MASTER-482"]
[Site "http://www.queenalice.com/game.php?id=368882"]
[Date "2008.3.10"]
[Round "1"]
[White "hostis00"]
[Black "Markus1234567"]
[Result "0-1"]
[WhiteElo "1899"]
[BlackElo "2013"]

1. e4 e5 2. Nf3 Nc6 3. Bb5 Nge7 4. O-O a6 5. Ba4 d6 6. d4 exd4 7. Nxd4 b5 8. Bb3
Ne5 9. f4 Ng4 10. h3 Nf6 11. e5 dxe5 12. fxe5 Ne4 13. Bxf7+ Kd7 14. Ne6+ Nd6 15.
exd6 cxd6 16. Nxd8 Kxd8 17. Qxd6+ Bd7 18. Be6 Ra7 19. Bg5 h6 0-1